000 00603nam a2200241Ia 4500
005 20260306150939.0
008 008 260114s9999 xx 000 0 eng d
020 _a9783964569301
037 _aEbook
040 _aCRL
040 _beng
040 _cCRL
041 _2eng
041 _aeng
084 _qCRL
245 0 _aEnsayos sobre narrativa española contemporánea (1989-2018)
260 _bVervuert Verlagsgesellschaft
260 _c2019
650 _aLiterary Studies
856 _uhttps://www.degruyter.com/isbn/9783964569301
942 _cEBOOK
999 _c1700983
_d1700983